Statistics for Only The Poets - JUMP! (Lyrics)

Click here to take the quiz!

General Stats

  • This quiz has been taken 12 times
  • The average score is 351 of 385

Answer Stats

Answer% Correct
a
100%
all
100%
you're
100%
do
100%
I
100%
If
100%
if
100%
I'm
100%
in
100%
it
100%
jump,
100%
Jump,
100%
jump
100%
me
100%
My
100%
of
100%
see
100%
So
100%
that
100%
the
100%
to
100%
want
100%
when
100%
you
100%
You
100%
your
100%
you're
100%
always
90%
am
90%
As
90%
as
90%
blue
90%
But
90%
danger
90%
deep
90%
It's
90%
don't
90%
edge
90%
eyes
90%
gonna
90%
It's
90%
jumping
90%
mother
90%
run
90%
there
90%
too
90%
was
90%
were
90%
with
90%
young
90%
back
80%
care,
80%
excited
80%
fuck
80%
give
80%
I'll
80%
kinda
80%
life
80%
lost,
80%
lost
80%
need
80%
never
80%
off
80%
really
80%
reckless
80%
scared
80%
selfish
80%
stranger
80%
time
80%
view
80%
warned
80%
at
70%
brought
70%
doing
70%
end
70%
Falling
70%
for
70%
getting
70%
girl
70%
lose
70%
Now
70%
things
70%
written
70%
behind
60%
control
60%
you've
60%
I've
60%
Leave
60%
long
60%
parachute
60%
throw
60%
Usually,
60%
first
50%
hand
50%
man
50%
Or
50%
rational
50%

Score Distribution

Percentile by Number Answered

Percent of People with Each Score

Your Score History

You have not taken this quiz